|
|
|
|
| LEADER |
02866nam a2200757 4500 |
| 001 |
ocn808628433 |
| 003 |
OCoLC |
| 005 |
20170124071657.2 |
| 006 |
m o d |
| 007 |
cr |n||||||||a |
| 008 |
120827s2013 enk ob 001 0 eng |
| 010 |
|
|
|a 2012035100
|
| 040 |
|
|
|a DLC
|b eng
|e pn
|c DLC
|d N$T
|d WAU
|d YDXCP
|d UMI
|d B24X7
|d DG1
|d COO
|d NOC
|d DEBSZ
|d TEFOD
|d OCLCQ
|d TEFOD
|d S3O
|d GrThAP
|
| 019 |
|
|
|a 827083302
|a 841170767
|
| 020 |
|
|
|a 9781118477144
|q (electronic bk.)
|
| 020 |
|
|
|a 1118477146
|q (electronic bk.)
|
| 020 |
|
|
|a 9781118477137
|q (electronic bk.)
|
| 020 |
|
|
|a 1118477138
|q (electronic bk.)
|
| 020 |
|
|
|a 9781118477120
|q (electronic bk.)
|
| 020 |
|
|
|a 111847712X
|q (electronic bk.)
|
| 020 |
|
|
|z 9781118477113
|
| 020 |
|
|
|z 1118477111
|
| 020 |
|
|
|z 9780470978702
|q (cloth)
|
| 020 |
|
|
|z 0470978708
|q (cloth)
|
| 029 |
1 |
|
|a AU@
|b 000051433251
|
| 029 |
1 |
|
|a DEBBG
|b BV041053055
|
| 029 |
1 |
|
|a DEBBG
|b BV041121587
|
| 029 |
1 |
|
|a DEBSZ
|b 39676505X
|
| 029 |
1 |
|
|a NZ1
|b 15340402
|
| 029 |
1 |
|
|a NZ1
|b 15871096
|
| 029 |
1 |
|
|a GBVCP
|b 790206048
|
| 035 |
|
|
|a (OCoLC)808628433
|z (OCoLC)827083302
|z (OCoLC)841170767
|
| 037 |
|
|
|a CL0500000212
|b Safari Books Online
|
| 037 |
|
|
|a C09F1154-986D-4260-A82C-5377AA9D572B
|b OverDrive, Inc.
|n http://www.overdrive.com
|
| 042 |
|
|
|a pcc
|
| 050 |
0 |
0 |
|a HG106
|
| 072 |
|
7 |
|a BUS
|x 027000
|2 bisacsh
|
| 082 |
0 |
0 |
|a 332.0285/5133
|2 23
|
| 049 |
|
|
|a MAIN
|
| 100 |
1 |
|
|a Pfaff, Bernhard.
|
| 245 |
1 |
0 |
|a Financial risk modelling and portfolio optimization with R
|h [electronic resource] /
|c Bernhard Pfaff.
|
| 264 |
|
1 |
|a Chichester, West Sussex, UK :
|b John Wiley & Sons,
|c 2013.
|
| 300 |
|
|
|a 1 online resource.
|
| 336 |
|
|
|a text
|b txt
|2 rdacontent
|
| 337 |
|
|
|a computer
|b c
|2 rdamedia
|
| 338 |
|
|
|a online resource
|b cr
|2 rdacarrier
|
| 490 |
1 |
|
|a Statistics in practice
|
| 504 |
|
|
|a Includes bibliographical references and index.
|
| 588 |
0 |
|
|a Print version record and CIP data provided by publisher.
|
| 650 |
|
0 |
|a Financial risk
|x Mathematical models.
|
| 650 |
|
0 |
|a Portfolio management.
|
| 650 |
|
0 |
|a R (Computer program language)
|
| 650 |
|
4 |
|a Financial risk
|x Mathematical models.
|
| 650 |
|
4 |
|a Portfolio management.
|
| 650 |
|
4 |
|a R (Computer program language)
|
| 650 |
|
7 |
|a BUSINESS & ECONOMICS
|x Finance.
|2 bisacsh
|
| 650 |
|
7 |
|a Portföljförvaltning.
|2 sao
|
| 650 |
|
7 |
|a R (programspråk)
|2 sao
|
| 650 |
|
7 |
|a Financial risk / Mathematical models.
|2 local
|
| 650 |
|
7 |
|a Portfolio management.
|2 local
|
| 650 |
|
7 |
|a R (Computer program language)
|2 local
|
| 655 |
|
4 |
|a Electronic books.
|
| 776 |
0 |
8 |
|i Print version:
|a Pfaff, Bernhard.
|t Financial risk modelling and portfolio optimization with R.
|d Hoboken, N.J. : Wiley, 2013
|z 9780470978702
|w (DLC) 2012030904
|
| 830 |
|
0 |
|a Statistics in practice.
|
| 856 |
4 |
0 |
|u https://doi.org/10.1002/9781118477144
|z Full Text via HEAL-Link
|
| 994 |
|
|
|a 92
|b DG1
|